00269nam a22001217a 4500020001700000040000900017082001400026100002100040245003900061260002500100300001200125650001000137 a978408855669 cNUST a813.6,HOS aHosseini, Khaled aThe Kite runner /cKhaled Hosseini aukbBloomsburyc2003 a340 p.; aNovel